Normal view MARC view

Entry Personal Name

Number of records used in: 1

001 - CONTROL NUMBER

  • control field: 31103

003 - CONTROL NUMBER IDENTIFIER

  • control field: OSt

005 - DATE AND TIME OF LATEST TRANSACTION

  • control field: 20220511114556.0

008 - FIXED-LENGTH DATA ELEMENTS

  • fixed length control field: 220511|| aca||aabn | a|a d

040 ## - CATALOGING SOURCE

  • Original cataloging agency: OSt
  • Transcribing agency: OSt

100 ## - HEADING--PERSONAL NAME

  • Personal name: Hedegaard, Troels Fage

670 ## - SOURCE DATA FOUND

  • Source citation: Work cat.: (OSt)518869: Hedegaard, Troels Fage, United we stand: A household perspective on the impact of public employment on attitudes towards retrenchment of welfare spending

Powered by Koha